Ballon d'Or Winners if a Player Could Only Win it Once - Statistics

General Stats
  • This quiz has been taken 24 times
    3 since last reset
  • The average score is 10 of 25
Answer Stats
Year Original Winner New Winner Country % Correct
1992 Marco van Basten Hristo Stoichkov
100%
2019 Lionel Messi Robert Lewandowski
100%
2010 Lionel Messi André Iniesta
67%
2016 Cristiano Ronaldo Antoine Griezmann
67%
2023 Lionel Messi Erling Haaland
67%
2013 Cristiano Ronaldo Franck Ribéry
67%
2014 Cristiano Ronaldo Manuel Neuer
67%
2015 Lionel Messi Neymar
67%
2012 Lionel Messi Ramadel Falcao
67%
2011 Lionel Messi Xavi
67%
1973 Johan Cruyff Dino Zoff
33%
1989 Marco van Basten Franco Baresi
33%
2017 Cristiano Ronaldo Gianluigi Buffon
33%
1984 Michel Platini Jean Tigana
33%
2021 Lionel Messi Jorginho
33%
1979 Kevin Keegan Karl-Heinz Rummenigge
33%
1974 Johan Cruyff Kazimerz Deyna
33%
1994 Hristo Stoichkov Paolo Maldini
33%
2002 Ronaldo Roberto Carlos
33%
1980 Karl-Heinz Rummenigge Bern Schuster
0%
2020 Cancelled due to Covid-19 Pandemic Cancelled due to Covid-19 Pandemic
0%
1959 Alfredo Di Stéfano John Charles
0%
1981 Karl-Heinz Rummenigge Paul Breitner
0%
1985 Michel Platini Preben Elkjær
0%
1976 Franz Beckenbauer Rob Rensenbrink
0%
No matching quizzes found
Score Distribution
Percent of People with Each Score
Percentile by Number Answered
Your Score History
You have not taken this quiz since the last reset